Mechanical metallurgy (Record no. 25704)

000 -LEADER
fixed length control field 00503nam a22001937a 4500
001 - CONTROL NUMBER
control field 25704
003 - CONTROL NUMBER IDENTIFIER
control field BD-DhUET
008 - FIXED-LENGTH DATA ELEMENTS--GENERAL INFORMATION
fixed length control field 150516b xxu||||| |||| 00| 0 eng d
040 ## - CATALOGING SOURCE
Transcribing agency 0
Modifying agency BD-DhUET
082 ## - DEWEY DECIMAL CLASSIFICATION NUMBER
Classification number 669.94
Item number DIE/1961
100 ## - MAIN ENTRY--PERSONAL NAME
Personal name Dieter, E. George
245 ## - TITLE STATEMENT
Title Mechanical metallurgy
250 ## - EDITION STATEMENT
Edition statement 1st ed.
260 ## - PUBLICATION, DISTRIBUTION, ETC. (IMPRINT)
Place of publication, distribution, etc. London
Name of publisher, distributor, etc. McGraw-Hill
Date of publication, distribution, etc. 1961
300 ## - PHYSICAL DESCRIPTION
Extent xix, 615p.
Other physical details ill
490 ## - SERIES STATEMENT
Series statement Metallurgy and metallurgical engineering series
650 #0 - SUBJECT ADDED ENTRY--TOPICAL TERM
Topical term or geographic name as entry element Strength of materials
942 ## - ADDED ENTRY ELEMENTS (KOHA)
Koha item type General Book
Holdings
Shelving location Koha issues (times borrowed) Koha date last seen Lost status Location (home branch) Copy number Koha item type Source of classification or shelving scheme Koha out on loan Koha normalized classification for sorting Sublocation or collection (holding branch) Piece designation (barcode) Price effective from Damaged status Koha full call number Not for loan Date acquired Withdrawn status Koha date last borrowed
Circulation section 2015-05-16 Central Library, BUET1General Book  669_940000000000000_DIE_1961Central Library, BUET73802015-05-16 669.94/DIE/1961 2015-05-16  
Circulation section 2015-05-16 Central Library, BUET2General Book  669_940000000000000_DIE_1961Central Library, BUET204082015-05-16 669.94/DIE/1961 2015-05-16  
Circulation section 2015-05-16 Central Library, BUET3General Book  669_940000000000000_DIE_1961Central Library, BUET114002015-05-16 669.94/DIE/1961 2015-05-16  
Circulation section 2015-05-16 Central Library, BUET4General Book  669_940000000000000_DIE_1961Central Library, BUET319522015-05-16 669.94/DIE/1961 2015-05-16  
Circulation section 2015-05-19 Central Library, BUET5General Book  669_940000000000000_DIE_1961Central Library, BUET319332015-05-19 669.94/DIE/1961 2015-05-19  
Circulation section22024-05-26 Central Library, BUET6General Book  669_940000000000000_DIE_1961Central Library, BUET547042015-05-20 669.94/DIE/1961 2015-05-20 2024-03-04
Circulation section 2015-05-21 Central Library, BUET7General Book  669_940000000000000_DIE_1961Central Library, BUET244642015-05-21 669.94/DIE/1961 2015-05-21  
Circulation section12018-10-06 Central Library, BUET8General Book  669_940000000000000_DIE_1961Central Library, BUET204072015-05-21 669.94/DIE/1961 2015-05-21 2018-08-08
Circulation section 2017-03-11 Central Library, BUET9General Book  669_940000000000000_DIE_1961Central Library, BUET319362015-05-23 669.94/DIE/1961 2015-05-23  
Circulation section12025-04-30 Central Library, BUET10General Book 2025-05-14669_940000000000000_DIE_1961Central Library, BUET319352015-05-23 669.94/DIE/1961 2015-05-23 2025-04-30
Reading section 2015-06-17 Central Library, BUET11General Book  669_940000000000000_DIE_1961Central Library, BUET244632015-06-17 669.94/DIE/1961 2015-06-17  
Reading section 2015-06-27 Central Library, BUET12Reading Item  669_940000000000000_DIE_1961Central Library, BUET360432015-06-27 669.94/DIE/1961 2015-06-27